Best Book Of Fairy Tales / (Record no. 13477)
[ view plain ]
| 000 -LEADER | |
|---|---|
| fixed length control field | 00628nam a2200229 a 4500 |
| 001 - CONTROL NUMBER | |
| JCCL Control Number | 13477 |
| 003 - CONTROL NUMBER IDENTIFIER | |
| JCCL marc code | BD-JhCC |
| 005 - DATE AND TIME OF LATEST TRANSACTION | |
| control field | 20231009115519.0 |
| 008 - FIXED-LENGTH DATA ELEMENTS--GENERAL INFORMATION | |
| fixed length control field | 231009b20182019cc a|||| ||a| 000 0 eng d |
| 020 ## - INTERNATIONAL STANDARD BOOK NUMBER | |
| International Standard Book Number | 9781786175236 |
| 035 ## - SYSTEM CONTROL NUMBER | |
| system control number | (BD-JhCC)13477 |
| 040 ## - CATALOGING SOURCE | |
| Original cataloging agency | BD-JhCC |
| Modifying agency | BD-JhCC |
| 041 ## - LANGUAGE CODE | |
| Language code of Book | English |
| 082 ## - DEWEY DECIMAL CLASSIFICATION NUMBER | |
| Classification number | 398.20938 |
| Author mark and Year | BES 2019 |
| 245 ## - TITLE STATEMENT | |
| Title | Best Book Of Fairy Tales / |
| Statement of responsibility, etc | Miles Kelly. |
| 260 ## - PUBLICATION, DISTRIBUTION, ETC. (IMPRINT) | |
| Place of publication, distribution, etc | China: |
| Name of publisher, distributor, etc | Miles Kelly; |
| Date of publication, distribution, etc | 2019. |
| 300 ## - PHYSICAL DESCRIPTION | |
| Pagination | 96 p. : |
| Other physical details | ill; |
| Dimensions | 26 cm. |
| 650 ## - SUBJECT ADDED ENTRY--TOPICAL TERM | |
| Topical term or geographic name as entry element | Fairy tales |
| Geographic subdivision | Children's stories |
| Form subdivision | Folklore |
| General subdivision | Children's stories, English |
| 700 ## - ADDED ENTRY--PERSONAL NAME | |
| Personal name | Kelly,Miles |
| 942 ## - ADDED ENTRY ELEMENTS (KOHA) | |
| Source of classification or shelving scheme | Dewey Decimal Classification |
| Koha item type | Books |
| Source of classification or shelving scheme | Damaged status | Not for loan | Home library | Current library | Shelving location | Date of accession | Cost, normal purchase price | Total Checkouts | Full call number | Barcode | Date last seen | Copy number | Method of acquisition | Koha item type | Currency |
|---|---|---|---|---|---|---|---|---|---|---|---|---|---|---|---|
| Dewey Decimal Classification | JCC Rouf Library | JCC Rouf Library | General Stacks | 10/09/2023 | 1400.00 | 398.20938 BES 2019 | 18202 | 10/09/2023 | C-1 | Purchase | Books | BDT |